[Event "FICGS class F 000233 email"]
[Site "FICGS email"]
[Date "2022.02.15"]
[Round "1"]
[White "Boucher, Brice"]
[Black "Piantadosi, Angelo"]
[Result "1-0"]
[WhiteElo "850"]
[BlackElo "1405"]
[PlyCount "65"]
[EventDate "2022.??.??"]
[EventType "tourn (corr)"]
[EventRounds "5"]
[SourceTitle "Corr 2024"]
[Source "ChessBase"]
[SourceDate "2023.10.19"]
[SourceVersion "1"]
[SourceVersionDate "2023.10.19"]
[SourceQuality "1"]

1. e4 c5 2. d3 d6 3. g3 Nc6 4. Bg2 e6 5. Ne2 Nf6 6. 0-0 Be7 7. c3 0-0 8. d4 cxd4 9. cxd4 Bd7 10. h3 Rc8 11. Be3 b6 12. a3 Re8 13. b4 h6 14. Nbc3 a6 15. f4 b5 16. e5 dxe5 17. dxe5 Nh7 18. Ne4 Nb8 19. Nd6 Bxd6 20. Qxd6 Bc6 21. Rfd1 Bxg2 22. Kxg2 Qc7 23. Qxc7 Rxc7 24. Rac1 Rxc1 25. Rxc1 Nf8 26. Rc7 Nfd7 27. Kf3 f6 28. Ke4 fxe5 29. fxe5 Rf8 30. Nf4 Kh7 31. Nxe6 Re8 32. Kd5 Nb6+ 33. Bxb6 1-0

[Event "FICGS class F 000233 email"]
[Site "FICGS email"]
[Date "2022.02.15"]
[Round "1"]
[White "Wood, Brian"]
[Black "Piantadosi, Angelo"]
[Result "0-1"]
[WhiteElo "1158"]
[BlackElo "1405"]
[PlyCount "38"]
[EventDate "2022.??.??"]
[EventType "tourn (corr)"]
[EventRounds "5"]
[SourceTitle "Corr 2024"]
[Source "ChessBase"]
[SourceDate "2023.10.19"]
[SourceVersion "1"]
[SourceVersionDate "2023.10.19"]
[SourceQuality "1"]

1. d4 d5 2. c4 e6 3. Nc3 Nf6 4. Bg5 Nbd7 5. e3 Be7 6. cxd5 exd5 7. Nf3 0-0 8. Bd3 c6 9. 0-0 h6 10. Bh4 Re8 11. Rc1 Nf8 12. Bg3 Bd6 13. Re1 Bxg3 14. hxg3 Bg4 15. Be2 Ne4 16. Nxe4 dxe4 17. Ne5 Bxe2 18. Qxe2 f6 19. Nc4 Kf7 0-1

[Event "FICGS rapid D 000141 email"]
[Site "FICGS email"]
[Date "2021.11.22"]
[Round "1"]
[White "Piantadosi, Angelo"]
[Black "Dominguez Rodriguez, Yosvany"]
[Result "0-1"]
[WhiteElo "1381"]
[BlackElo "1500"]
[PlyCount "48"]
[EventDate "2021.??.??"]
[EventType "tourn (rapid)"]
[EventRounds "5"]
[SourceTitle "Corr 2024"]
[Source "ChessBase"]
[SourceDate "2023.10.19"]
[SourceVersion "1"]
[SourceVersionDate "2023.10.19"]
[SourceQuality "1"]

1. e4 Nf6 2. e5 Nd5 3. d4 d6 4. Nf3 dxe5 5. dxe5 Bg4 6. Be2 Nc6 7. 0-0 e6 8. c4 Nb6 9. a3 Qxd1 10. Rxd1 Nxe5 11. Nxe5 Bxe2 12. Re1 Bxc4 13. Nxc4 Nxc4 14. Nc3 0-0-0 15. Bf4 Nxb2 16. Re2 Nd3 17. Nb5 Nxf4 18. Ree1 a6 19. Nc3 Bc5 20. Rad1 Bxa3 21. g3 Bb4 22. Re4 Bxc3 23. Rxd8+ Rxd8 24. Rxf4 Bf6 0-1

[Event "FICGS rapid D 000141 email"]
[Site "FICGS email"]
[Date "2021.11.22"]
[Round "1"]
[White "Pintor, Manuel"]
[Black "Piantadosi, Angelo"]
[Result "1-0"]
[WhiteElo "1663"]
[BlackElo "1381"]
[PlyCount "81"]
[EventDate "2021.??.??"]
[EventType "tourn (rapid)"]
[EventRounds "5"]
[SourceTitle "Corr 2024"]
[Source "ChessBase"]
[SourceDate "2023.10.19"]
[SourceVersion "1"]
[SourceVersionDate "2023.10.19"]
[SourceQuality "1"]

1. e4 c5 2. f4 d6 3. Nf3 Nc6 4. Bc4 e6 5. 0-0 Nf6 6. Nc3 Be7 7. d3 0-0 8. Ng5 h6 9. Nh3 a6 10. Ne2 b5 11. Bb3 Bb7 12. f5 exf5 13. Rxf5 Nd4 14. Nxd4 cxd4 15. Qf3 Qd7 16. Qg3 Kh7 17. Rf2 Ng4 18. Rxf7 Rxf7 19. Bxf7 Bf6 20. Bh5 Ne5 21. Nf4 g5 22. Nh3 Qe6 23. Nf2 Rf8 24. Ng4 Nxg4 25. Bxg4 Qe5 26. Bf5+ Kg7 27. Qg4 d5 28. Qh5 Qe8 29. Qg4 dxe4 30. dxe4 Qe7 31. h4 Re8 32. hxg5 Bxg5 33. Bxg5 Qxg5 34. Qxg5+ hxg5 35. Re1 Kf6 36. g4 Bc8 37. Kf2 Bxf5 38. exf5 Rxe1 39. Kxe1 a5 40. Ke2 Ke5 41. Kd3 1-0

[Event "FICGS rapid E 000245 email"]
[Site "FICGS email"]
[Date "2021.11.16"]
[Round "1"]
[White "Piantadosi, Angelo"]
[Black "Goldmund, Heike"]
[Result "0-1"]
[WhiteElo "1381"]
[BlackElo "1395"]
[PlyCount "68"]
[EventDate "2021.??.??"]
[EventType "tourn (rapid)"]
[EventRounds "6"]
[SourceTitle "Corr 2024"]
[Source "ChessBase"]
[SourceDate "2023.10.19"]
[SourceVersion "1"]
[SourceVersionDate "2023.10.19"]
[SourceQuality "1"]

1. e4 d5 2. exd5 Qxd5 3. Nc3 Qa5 4. d4 Nf6 5. Bd2 c6 6. Ne4 Qc7 7. Nf3 Nxe4 8. Be3 Bg4 9. Be2 e6 10. Nd2 Bxe2 11. Qxe2 Nxd2 12. Qxd2 Bd6 13. g3 Nd7 14. 0-0 0-0 15. f4 Nb6 16. b3 Nd5 17. Bf2 Bb4 18. Qd3 Rfd8 19. c4 Ne7 20. a3 Bc5 21. Qe4 Bb6 22. Rad1 Nf5 23. c5 Ba5 24. b4 Bxb4 25. axb4 b6 26. Qe5 Qxe5 27. fxe5 Rd5 28. Kg2 Rad8 29. Rfe1 Nxd4 30. Bxd4 Rxd4 31. Rxd4 Rxd4 32. cxb6 axb6 33. Rc1 Kf8 34. Rxc6 Rxb4 0-1

[Event "FICGS class E 000239 email"]
[Site "FICGS email"]
[Date "2021.08.05"]
[Round "1"]
[White "Goldmund, Heike"]
[Black "Piantadosi, Angelo"]
[Result "1-0"]
[WhiteElo "1377"]
[BlackElo "1457"]
[PlyCount "71"]
[EventDate "2021.??.??"]
[EventType "tourn (corr)"]
[EventRounds "5"]
[SourceTitle "Corr 2024"]
[Source "ChessBase"]
[SourceDate "2023.10.19"]
[SourceVersion "1"]
[SourceVersionDate "2023.10.19"]
[SourceQuality "1"]

1. b4 e5 2. Bb2 d6 3. e3 Be7 4. Nf3 Nf6 5. c4 Nbd7 6. Be2 0-0 7. 0-0 b6 8. Qc2 Bb7 9. d3 Re8 10. Nbd2 Bf8 11. h3 d5 12. cxd5 Nxd5 13. Rfe1 Rc8 14. a3 c5 15. b5 a6 16. a4 Ra8 17. Bf1 axb5 18. axb5 Qc7 19. Ng5 f6 20. Nge4 Rxa1 21. Rxa1 Nb4 22. Qc4+ Kh8 23. Ba3 Qb8 24. Qc3 Nd5 25. Qb3 Nc7 26. Nc4 Bxe4 27. dxe4 Qb7 28. Rd1 Ne6 29. Nd6 Bxd6 30. Rxd6 Qxe4 31. Rxd7 h6 32. Bd3 Qa8 33. Bb2 Ng5 34. h4 Ne6 35. Bf5 Nf8 36. Qf7 1-0

[Event "FICGS class E 000239 email"]
[Site "FICGS email"]
[Date "2021.08.05"]
[Round "1"]
[White "Martinez Camacho, Victor Hugo"]
[Black "Piantadosi, Angelo"]
[Result "1-0"]
[WhiteElo "1329"]
[BlackElo "1457"]
[PlyCount "53"]
[EventDate "2021.??.??"]
[EventType "tourn (corr)"]
[EventRounds "5"]
[SourceTitle "Corr 2024"]
[Source "ChessBase"]
[SourceDate "2023.10.19"]
[SourceVersion "1"]
[SourceVersionDate "2023.10.19"]
[SourceQuality "1"]

1. e4 e5 2. Nf3 Nc6 3. Bb5 d6 4. d4 exd4 5. Nxd4 Bd7 6. Nxc6 Bxc6 7. Bxc6+ bxc6 8. 0-0 Nf6 9. Bg5 Be7 10. Nc3 0-0 11. Re1 Re8 12. f3 h6 13. Be3 Nd7 14. Qd2 Bf6 15. Rad1 Qe7 16. Bf2 Rab8 17. b3 Bxc3 18. Qxc3 c5 19. a4 Nf6 20. e5 dxe5 21. Bxc5 Qe6 22. Bxa7 Rb7 23. Bf2 Qe7 24. Re2 Qb4 25. Qxb4 Rxb4 26. Be1 e4 27. Bxb4 1-0

[Event "FICGS class E 000239 email"]
[Site "FICGS email"]
[Date "2021.08.05"]
[Round "1"]
[White "Pipac, Darko"]
[Black "Piantadosi, Angelo"]
[Result "0-1"]
[WhiteElo "1300"]
[BlackElo "1457"]
[PlyCount "96"]
[EventDate "2021.??.??"]
[EventType "tourn (corr)"]
[EventRounds "5"]
[SourceTitle "Corr 2024"]
[Source "ChessBase"]
[SourceDate "2023.10.19"]
[SourceVersion "1"]
[SourceVersionDate "2023.10.19"]
[SourceQuality "1"]

1. e4 c5 2. Nf3 d6 3. h3 Nc6 4. Bb5 Bd7 5. Nc3 a6 6. Bxc6 Bxc6 7. d3 Nf6 8. 0-0 b5 9. a3 e6 10. Bg5 Be7 11. Qd2 0-0 12. d4 Rc8 13. Rfe1 h6 14. Bxf6 Bxf6 15. d5 Bxc3 16. Qxc3 exd5 17. exd5 Bxd5 18. Rad1 Bxf3 19. gxf3 Qg5+ 20. Kf1 d5 21. Re5 Qh4 22. Rdxd5 Qxh3+ 23. Ke2 c4 24. Rc5 Rxc5 25. Rxc5 Qe6+ 26. Re5 Qd7 27. Qd2 Qxd2+ 28. Kxd2 Rd8+ 29. Kc3 Rd6 30. a4 Rf6 31. Re3 Kf8 32. Kb4 Rf5 33. axb5 axb5 34. b3 cxb3 35. Kxb3 f6 36. c4 bxc4+ 37. Kxc4 Kf7 38. Kd4 Kg6 39. Ke4 Re5+ 40. Kf4 Rxe3 41. fxe3 Kf7 42. Kg4 g6 43. e4 Ke6 44. f4 Kd6 45. f5 g5 46. Kh5 Ke5 47. Kxh6 g4 48. Kg6 g3 0-1

[Event "FICGS rapid E 000244 email"]
[Site "FICGS email"]
[Date "2021.06.21"]
[Round "1"]
[White "Martinez Camacho, Victor Hugo"]
[Black "Piantadosi, Angelo"]
[Result "1-0"]
[WhiteElo "1330"]
[BlackElo "1475"]
[PlyCount "45"]
[EventDate "2021.??.??"]
[EventType "tourn (rapid)"]
[EventRounds "6"]
[SourceTitle "Corr 2022"]
[Source "ChessBase"]
[SourceDate "2021.10.24"]
[SourceVersion "1"]
[SourceVersionDate "2021.10.24"]
[SourceQuality "1"]

1. e4 c5 2. Nc3 d6 3. g3 Nc6 4. Bg2 Nf6 5. Nge2 e6 6. 0-0 d5 7. exd5 exd5 8. d4 Be6 9. Bg5 cxd4 10. Nxd4 Nxd4 11. Qxd4 Be7 12. Rad1 0-0 13. a3 Rc8 14. Rfe1 Nd7 15. Bxe7 Qxe7 16. Bxd5 Qf6 17. Bxe6 fxe6 18. Qxd7 Qxf2+ 19. Kh1 Qxc2 20. Qxe6+ Kh8 21. Re2 Qf5 22. Qxf5 Rxf5 23. Rd7 1-0

[Event "FICGS rapid D 000139 email"]
[Site "FICGS email"]
[Date "2021.06.11"]
[Round "1"]
[White "Piantadosi, Angelo"]
[Black "Kehayov, Yulian"]
[Result "0-1"]
[WhiteElo "1475"]
[BlackElo "1313"]
[PlyCount "32"]
[EventDate "2021.??.??"]
[EventType "tourn (rapid)"]
[EventRounds "5"]
[SourceTitle "Corr 2022"]
[Source "ChessBase"]
[SourceDate "2021.10.24"]
[SourceVersion "1"]
[SourceVersionDate "2021.10.24"]
[SourceQuality "1"]

1. e4 e5 2. f4 exf4 3. Bc4 Nc6 4. Nf3 g5 5. d4 g4 6. Ng1 Qh4+ 7. Kf1 f3 8. gxf3 Nf6 9. Bf4 Nh5 10. Bxc7 d6 11. fxg4 Bxg4 12. Qe1 Bh3+ 13. Nxh3 Qxh3+ 14. Ke2 Nxd4+ 15. Kd1 Qf3+ 16. Kd2 Bh6+ 0-1

[Event "FICGS class E 000236 email"]
[Site "FICGS email"]
[Date "2020.12.02"]
[Round "1"]
[White "Piantadosi, Angelo"]
[Black "Bain, Mathieu"]
[Result "0-1"]
[WhiteElo "1454"]
[BlackElo "1284"]
[PlyCount "36"]
[EventDate "2020.??.??"]
[EventType "tourn (corr)"]
[EventRounds "5"]
[SourceTitle "Corr 2022"]
[Source "ChessBase"]
[SourceDate "2021.10.24"]
[SourceVersion "1"]
[SourceVersionDate "2021.10.24"]
[SourceQuality "1"]

1. d4 d5 2. c4 e6 3. Nc3 Nf6 4. Bg5 Nbd7 5. e3 h6 6. Bh4 Be7 7. Nf3 0-0 8. Bd3 dxc4 9. Bxc4 a6 10. 0-0 b5 11. Bb3 Bb7 12. Rc1 c5 13. dxc5 Nxc5 14. Bc2 Qa5 15. a3 b4 16. axb4 Qxb4 17. Qd3 Nxd3 18. Bxd3 Bxf3 0-1

[Event "FICGS class D 000271 email"]
[Site "FICGS email"]
[Date "2020.12.02"]
[Round "1"]
[White "Piantadosi, Angelo"]
[Black "Leurette, Marc Antoine"]
[Result "0-1"]
[WhiteElo "1454"]
[BlackElo "1641"]
[PlyCount "76"]
[EventDate "2020.??.??"]
[EventType "tourn (corr)"]
[EventRounds "6"]
[SourceTitle "Corr 2022"]
[Source "ChessBase"]
[SourceDate "2021.10.24"]
[SourceVersion "1"]
[SourceVersionDate "2021.10.24"]
[SourceQuality "1"]

1. e4 e5 2. Nf3 Nc6 3. Bb5 a6 4. Bxc6 bxc6 5. 0-0 d6 6. d4 exd4 7. Nxd4 Qd7 8. Nc3 c5 9. Nb3 Nf6 10. h3 Bb7 11. f4 Nxe4 12. Nxe4 Bxe4 13. Re1 f5 14. g4 0-0-0 15. Be3 g6 16. Qe2 Qc6 17. Nd2 Bxc2 18. Rac1 Ba4 19. b3 Bb5 20. Qg2 Bg7 21. Qxc6 Bxc6 22. Kf2 a5 23. Nc4 a4 24. Na5 Be4 25. bxa4 Kd7 26. Nc4 Ra8 27. a5 Bd5 28. a3 Bxc4 29. Rxc4 Rxa5 30. a4 Rb8 31. Rd1 Rb2+ 32. Kf3 Rb3 33. Kf2 Rb4 34. Rxc5 Rxc5 35. Bxc5 Rxf4+ 36. Kg3 Rxa4 37. gxf5 Be5+ 38. Kg2 gxf5 0-1

[Event "FICGS class D 000271 email"]
[Site "FICGS email"]
[Date "2020.12.02"]
[Round "1"]
[White "Piantadosi, Angelo"]
[Black "Ortiz, Jose"]
[Result "1-0"]
[WhiteElo "1454"]
[BlackElo "1730"]
[PlyCount "57"]
[EventDate "2020.??.??"]
[EventType "tourn (corr)"]
[EventRounds "6"]
[SourceTitle "Corr 2022"]
[Source "ChessBase"]
[SourceDate "2021.10.24"]
[SourceVersion "1"]
[SourceVersionDate "2021.10.24"]
[SourceQuality "1"]

1. e4 c5 2. Nf3 h6 3. d4 d6 4. dxc5 Nf6 5. Nc3 Nc6 6. cxd6 exd6 7. Be2 Be6 8. 0-0 Be7 9. h3 g5 10. Nd4 Nxd4 11. Qxd4 Rc8 12. Qxa7 Bc4 13. Qa4+ Kf8 14. Bxc4 Rc5 15. Qb3 Rh7 16. Be3 Re5 17. Qxb7 Nxe4 18. Nxe4 h5 19. Rad1 f5 20. Nxg5 Rg7 21. Ne6+ Rxe6 22. Bxe6 Bg5 23. Bxg5 Qxg5 24. Qc8+ Ke7 25. Qd7+ Kf6 26. Qd8+ Kxe6 27. Qxg5 Rf7 28. Qg6+ Rf6 29. Qe8# 1-0

[Event "FICGS class E 000236 email"]
[Site "FICGS email"]
[Date "2020.12.02"]
[Round "1"]
[White "Rezack, Thomas"]
[Black "Piantadosi, Angelo"]
[Result "0-1"]
[WhiteElo "1456"]
[BlackElo "1454"]
[PlyCount "98"]
[EventDate "2020.??.??"]
[EventType "tourn (corr)"]
[EventRounds "5"]
[SourceTitle "Corr 2022"]
[Source "ChessBase"]
[SourceDate "2021.10.24"]
[SourceVersion "1"]
[SourceVersionDate "2021.10.24"]
[SourceQuality "1"]

1. d4 d5 2. c4 e6 3. Nf3 Nf6 4. a3 dxc4 5. Bg5 Be7 6. Nc3 0-0 7. e3 h6 8. Bxf6 Bxf6 9. Qc2 b6 10. Bxc4 Nd7 11. 0-0 Bb7 12. Nd2 c5 13. dxc5 Nxc5 14. Rad1 Qc7 15. b4 Bxc3 16. Qxc3 Qc6 17. Nf3 Ne4 18. Qc2 Ng5 19. Nh4 Nh3+ 20. Kh1 g5 21. Nf3 g4 22. Nh4 Ng5 23. Rc1 Ne4 24. Bd3 Qxc2 25. Bxc2 Rac8 26. Bxe4 Bxe4 27. Kg1 Bb7 28. g3 Kg7 29. Ng2 Bxg2 30. Kxg2 h5 31. b5 Rc5 32. Rxc5 bxc5 33. a4 Rc8 34. a5 c4 35. Rc1 Kf6 36. f4 Rc5 37. Rb1 c3 38. Rc1 Rxb5 39. Rxc3 Rxa5 40. Rc7 Ra2+ 41. Kg1 a5 42. e4 a4 43. e5+ Kg7 44. Ra7 a3 45. Ra4 Ra1+ 46. Kf2 a2 47. Kg2 Kf8 48. Kf2 Rh1 49. Kg2 a1Q 0-1

[Event "FICGS class D 000271 email"]
[Site "FICGS email"]
[Date "2020.12.02"]
[Round "1"]
[White "Trigance, Emile"]
[Black "Piantadosi, Angelo"]
[Result "1-0"]
[WhiteElo "1629"]
[BlackElo "1454"]
[PlyCount "75"]
[EventDate "2020.??.??"]
[EventType "tourn (corr)"]
[EventRounds "6"]
[SourceTitle "Corr 2022"]
[Source "ChessBase"]
[SourceDate "2021.10.24"]
[SourceVersion "1"]
[SourceVersionDate "2021.10.24"]
[SourceQuality "1"]

1. e4 e6 2. d4 d5 3. Nc3 dxe4 4. Nxe4 Nd7 5. Nf3 Ngf6 6. Nxf6+ Nxf6 7. Bd3 Be7 8. 0-0 0-0 9. Ne5 c5 10. dxc5 Bxc5 11. Bg5 Be7 12. Re1 Nd7 13. Qh5 g6 14. Bxe7 Qxe7 15. Qf3 Nxe5 16. Rxe5 Rb8 17. Re2 Bd7 18. Rd1 Bc6 19. Be4 Bxe4 20. Qxe4 b6 21. Red2 Rfd8 22. g3 Rxd2 23. Rxd2 Rd8 24. Qe3 Rxd2 25. Qxd2 Kg7 26. c4 Qc5 27. b3 Qe5 28. f4 Qc5+ 29. Kg2 Qf5 30. Qd4+ Kh6 31. Qd2 Qe4+ 32. Kg1 f5 33. Qf2 e5 34. fxe5 Qxe5 35. Qf4+ Qxf4 36. gxf4 Kh5 37. h3 Kh6 38. b4 1-0